Orientaciones psicopedagogicas para la intengración del deficiente / (Registro nro. 8333)

Detalles MARC
000 -LIDER
fixed length control field 01070nam a22003137a 4500
001 - NÚMERO DE CONTROL
Identificador de número de control 0074
003 - IDENTIFICACDOR DE NÚMERO DE CONTROL
control field DO-SdBNP
005 - DATE AND TIME OF LATEST TRANSACTION
control field 20171109101846.0
007 - CAMPOS FIJOS DE DESCRIPCIÓN FÍSICA
fixed length control field 0074
008 - ELEMENTOS DE LONGITUD FIJA
fixed length control field 151006b1986 sp||| |||| 00| 0 spa d
020 ## - ISBN
International Standard Book Number 8485252160
040 ## - FUENTE DE CATALOGACIÓN
Agencia que crea de manera original el registro BPMSU
Idioma de catalogación spa
Agencia que realiza la transcripción BPMSU
082 #4 - NÚMERO DE CLASIFICACIÓN DECIMAL DE DEWEY
Classification number 371.92
Item number P438o
100 10 - ASIENTO PRINCIPAL -- NOMBRE PERSONAL
Nombre personal Pérez Portabella, Francisco Javier
245 10 - MENCIÓN DE TITULO
Título Orientaciones psicopedagogicas para la intengración del deficiente /
Mención de responsabilidad Francisco Javier Pérez-Portabella, Begoña Urquia Martínez ; prólogo Luis Folch i Camarasa
250 ## - MENCIÓN DE EDICION
Mención de edición 6a ed.
260 ## - PUBLICACIÓN, DISTRIBUCIÓN, ETC. (PIE DE IMPRENTA)
Lugar de publicación, distribución, etc Madrid :
Nombre del editor, distribuidor, etc. Ciencias de la Educación Preescolar y Especial
Fecha de publicación, distribución, etc 1986
300 ## - DESCRIPCIÓN FÍSICA
Extensión 371 p.
Otros detalles físicos il.
Dimensiones 24 cm.
490 10 - MENCIÓN DE SERIES
Mención de serie Educación especial
Volume/sequential designation 1
504 ## - NOTA DE BIBLIOGRAFÍA, ETC.
Bibliography, etc Bibliografía : p. 361-363
650 ## - ENCABEZAMIENTO DE MATERIA--TEMÁTICO
Término temático o nombre geográfico como elemento de entrada NIÑOS CON DISCAPACIDADES MENTALES
700 10 - ASIENTO SECUNDARIO -- NOMBRE PERSONAL
Nombre personal Urquía Martínez, Begoña
700 10 - ASIENTO SECUNDARIO -- NOMBRE PERSONAL
Nombre personal Jordana Pozas, Jorge de,
Mención de responsabilidad pról.
830 10 - ASIENTO SECUNDARIO DE SERIE--TÍTULO UNIFORME
Título uniforme Educación especial
Número de la parte o sección de una obra 1
942 ## - ADDED ENTRY ELEMENTS (KOHA)
Source of classification or shelving scheme Dewey Decimal Classification
Koha item type Libros
945 ## - INFORMACIÓN DE PROCESAMIENTO LOCAL
Información de procesamiento local Inventariado extranjero / 2017 VM
956 ## - LOCAL ELECTRONIC LOCATION AND ACCESS (OCLC)
Nombre de host Brenda Tavárez
956 ## - LOCAL ELECTRONIC LOCATION AND ACCESS (OCLC)
Nombre de host Validado. Control de calidad MFF
Existencias
Withdrawn status Lost status Source of classification or shelving scheme Damaged status Not for loan Collection code Home library Current library Date acquired Source of acquisition Total Checkouts Full call number Barcode Date last seen Price effective from Koha item type Copy number
    Dewey Decimal Classification     Colección General Biblioteca Pública Metropolitana Salomé Ureña Biblioteca Pública Metropolitana Salomé Ureña 10/06/2015 Donado Fundación Economía y Desarrollo   371.92 P438o BPMSU15100049 10/06/2015 10/06/2015 Libros  
    Dewey Decimal Classification     Colección General Biblioteca Pública Metropolitana Salomé Ureña Biblioteca Pública Metropolitana Salomé Ureña 10/06/2015 Donado Fundación Economía y Desarrollo   371.92 P438o BPMSU15100050 10/06/2015 10/06/2015 Libros e. 2